Textbook of psychiatry / (Record no. 65802)

MARC details
000 -LEADER
fixed length control field 00855nam a22002297a 4500
005 - DATE AND TIME OF LATEST TRANSACTION
control field 20120430114312.0
008 - FIXED-LENGTH DATA ELEMENTS--GENERAL INFORMATION
fixed length control field 120430t xxu||||| |||| 00| 0 eng d
010 ## - LCCN (DPL NO)
LC control number ENG-105137
020 ## - INTERNATIONAL STANDARD BOOK NUMBER
International Standard Book Number 9789381815014
Terms of availability 500.00
035 ## - SYSTEM CONTROL NUMBER
System control number EN-88670
037 ## - SOURCE OF ACQUISITION
Source of stock number/acquisition DBAD/PUB
040 ## - CATALOGING SOURCE
Original cataloging agency DPL
Language of cataloging Eng
082 ## - DEWEY DECIMAL CLASSIFICATION NUMBER
Classification number 616.89
245 ## - TITLE STATEMENT
Title Textbook of psychiatry /
Statement of responsibility, etc written and edited by faculty of Dr. Bhatia Medical Institute
260 ## - PUBLICATION, DISTRIBUTION, ETC. (IMPRINT)
Place of publication, distribution, etc Delhi
Name of publisher, distributor, etc Dr. Bhatia Publishing House
Date of publication, distribution, etc 2012
270 ## - ADDRESS
Address Flat No. 7, Sector-13, Unique Apartment, Rohini
City Delhi
Postal code 110085
300 g# - PHYSICAL DESCRIPTION
Extent 144p.
Dimensions 27cm.(pbk)
650 ## - SUBJECT ADDED ENTRY--TOPICAL TERM
Topical term or geographic name as entry element Psychiatry
9 (RLIN) 46023
650 ## - SUBJECT ADDED ENTRY--TOPICAL TERM
Topical term or geographic name as entry element Mental illness
9 (RLIN) 46024
942 ## - ADDED ENTRY ELEMENTS (KOHA)
Source of classification or shelving scheme Dewey Decimal Classification
Item type English Books
Call number suffix TEX
Classification part 616.89
Holdings
Withdrawn status Lost status Source of classification or shelving scheme Damaged status Not for loan Collection code Home library Current library Date acquired Source of acquisition Cost, normal purchase price Total Checkouts Full call number Barcode Date last seen Copy number Cost, replacement price Koha item type
    Dewey Decimal Classification   Not For Loan Non-fiction D.B.Act.Division D.B.Act.Division 30/04/2012 DBAD/PUB 500.00   616.89 TEX EN-88670 30/04/2012 1 500.00 English Books

© Delhi Public Library
Hit Counter
free hit counter